Statystyki dla 60 Stopni Wschodni Południk Kraje

Kliknij tutaj aby rozwiązać quiz!

Ogólne statystyki

  • Ten quiz został rozwiązany 84 razy
  • Średni wynik to 15 z 20

Statystyki odpowiedzi

stopnikraj% Poprawnych
Rosja
99%
Kazachstan
96%
Turkmenistan
91%
Iran
88%
0.87°Pakistan
88%
11.43°Irak
87%
5.49°Jemen
87%
0.21°Oman
85%
Uzbekistan
85%
8.19°Indie
84%
4.33°Arabia Saudyjska
83%
0.51°Afganistan
79%
8.38°Katar
71%
3.62°Zjednoczone Emiraty
Arabskie
65%
9.52°Madagaskar
63%
8.59°Somalia
61%
9.18°Bahrajn
60%
9.66°Azerbejdzan
53%
4.06°Seszele
41%
2.15°Mauritius
33%

Rozkład punktacji

Percentyl według liczby udzielonych odpowiedzi

Procent ludzi z każdym wynikiem

Twoja historia wyników

Nie rozwiązałeś tego quizu